| 000 | 01186nam a22003377a 4500 | ||
|---|---|---|---|
| 003 | CHAP | ||
| 005 | 20220329134931.0 | ||
| 008 | 971013s1976 r 00010 d | ||
| 010 | _a28314 | ||
| 011 | _a29286 | ||
| 035 | _a33397 | ||
| 040 | _cCHAP | ||
| 090 | _aFolleto 3299 | ||
| 110 |
_aConsejo Nacional de Fomento de los Recursos Humanos para la Industria. México _927318 |
||
| 245 |
_aFormación tecnológica _b: educación para el trabajo |
||
| 260 |
_aMéxico, D.F. : _b(El Consejo), _c1976 |
||
| 300 |
_a6 h. _b: ilus. |
||
| 590 |
_aBATCH-UPD _b10 _c20130110 _lUCH01 _h0315 |
||
| 590 |
_aBATCH-UPD _b10 _c20130110 _lUCH01 _h1927 |
||
| 590 |
_aBATCH-UPD _b10 _c20130409 _lUCH01 _h2348 |
||
| 590 |
_aBATCH-UPD _b10 _c20130914 _lUCH01 _h1236 |
||
| 590 |
_aCONVERSION _b10 _c20130109 _lUCH01 _h1316 |
||
| 650 | 1 | 4 |
_aEducación técnica _xMéxico. _935678 |
| 650 | 1 | 4 |
_aEducación _xMéxico. _935466 |
| 650 | 1 | 4 |
_aPersonal _xAdministración de. _987325 |
| 901 | _aBK | ||
| 942 | _cFOLL | ||
| 949 |
_aFolleto 3299 _bBC _cFOLL _d-77686 _eTS1 _i33397 _mD _si |
||
| 949 |
_aFolleto 3299 _bBC _cFOLL _d-77688 _eTS2 _fc.2 _i33397 _mD _si |
||
| 949 |
_aFolleto 3299 _bBC _cFOLL _d-77689 _eTS2 _fc.3 _i33397 _mD _si |
||
| 999 |
_c28314 _d28314 |
||